[Event "SRB-chT 1st League"]
[Site "Banja Vrujci"]
[Date "2017.09.22"]
[Round "9.1"]
[White "Radovic, Luka"]
[Black "Cosovic, Miodrag"]
[Result "1/2-1/2"]
[WhiteElo "2279"]
[BlackElo "2215"]
[PlyCount "51"]
[EventDate "2017.09.16"]
[EventType "team"]
[EventRounds "11"]
[EventCountry "SRB"]
[SourceTitle "CBM 180 Extra"]
[Source "ChessBase"]
[SourceDate "2017.10.06"]
[SourceVersion "1"]
[SourceVersionDate "2017.10.06"]
[SourceQuality "1"]
[WhiteTeam "Kragujevac Radnicki"]
[BlackTeam "Arandjelovac"]
[WhiteTeamCountry "SRB"]
[BlackTeamCountry "SRB"]

1. Nf3 d6 2. c4 g6 3. g3 Bg7 4. Bg2 Nf6 5. 0-0 0-0 6. d4 c6 7. Nc3 Bf5 8. b3 Ne4 9. Bb2 Nxc3 10. Bxc3 Be4 11. Qd2 d5 12. Rfe1 Nd7 13. Qf4 h6 14. Nd2 Bxg2 15. Kxg2 dxc4 16. bxc4 e5 17. dxe5 Nxe5 18. Ne4 Qe7 19. c5 Rad8 20. Rab1 Rd7 21. Rb3 f5 22. Nd2 Kh7 23. Reb1 Rf7 24. Qe3 Ng4 25. Qxe7 Rfxe7 26. Bxg7 1/2-1/2

[Event "SRB-chT 1st League"]
[Site "Banja Vrujci"]
[Date "2017.09.16"]
[Round "1.1"]
[White "Maksimovic, Branimir"]
[Black "Cosovic, Miodrag"]
[Result "1-0"]
[WhiteElo "2343"]
[BlackElo "2215"]
[PlyCount "43"]
[EventDate "2017.09.16"]
[EventType "team"]
[EventRounds "11"]
[EventCountry "SRB"]
[SourceTitle "CBM 180 Extra"]
[Source "ChessBase"]
[SourceDate "2017.10.06"]
[SourceVersion "1"]
[SourceVersionDate "2017.10.06"]
[SourceQuality "1"]
[WhiteTeam "Valjevo 2005"]
[BlackTeam "Arandjelovac"]
[WhiteTeamCountry "SRB"]
[BlackTeamCountry "SRB"]

1. e4 d6 2. d4 Nf6 3. Nc3 e5 4. Nf3 Nbd7 5. Bc4 Be7 6. 0-0 0-0 7. a4 c6 8. h3 Qc7 9. Re1 b6 10. Be3 Bb7 11. Nh4 Rfe8 12. Nf5 Bf8 13. dxe5 dxe5 14. Qf3 a6 15. Rad1 Rad8 16. Bg5 h6 17. Bxh6 gxh6 18. Qg3+ Kh8 19. Bxf7 Re7 20. Qg6 Rxf7 21. Qxf7 Nh7 22. Nh4 1-0